000 00528nam a2200193Ia 4500
008 121025t2010 xxu||||| |||| 00| 0 sin d
041 _asin
080 _a8-31 (eng)
_bEII
100 _aEllis,Deborah
245 _aලැවැන්ඩරී
246 _aLawandaree
260 _aFast Publishing
_aColombo
_c2010
300 _b153p, 21 cm
500 _aSinhalese Translation Of Deborah Ellis's of Mud City
700 _aJayakody,Deleepa
_etr.
942 _cBK
999 _c42172
_d42172
003 LK-CoDNM
040 _aLK-CoDNM
_dLK-CoDNM
_eLK-CoDNM